000 01021nab a22002297a 4500
999 _c6530
_d6530
003 OSt
005 20260223095415.0
008 190506c xxu||||| |||| 00| 0 spa d
040 _cPJ
100 _97131
_aBonsignore, Julieta
245 1 3 _aEl camino hacia el reconocimiento y la igualdad del personal de casas particulares /
_cJulieta Bonsignore.
260 _aBuenos Aires :
_bAbeledoPerrot,
_c2024.
300 _ap. 23-32
500 _aCita: TR LALEY AR/DOC/47/2024.
505 _aSumario: I. Introducción.— II. Fuentes y Evolución normativa.— III. Enfoque de género en el trabajo doméstico.— IV. Conclusiones.— V. Bibliografía.
505 _t¿Te interesa el texto completo? Comunicate al correo: koha@justierradelfuego.gov.ar
650 0 _91316
_aDERECHO LABORAL
650 0 _94044
_aPERSPECTIVA DE GÉNERO
650 0 _91487
_aTRABAJO DE MUJERES
773 0 _02751
_93202
_dBuenos Aires : AbeledoPerrot, 2013-
_tRevista de derecho laboral y seguridad social. Nº 3 - Febrero 2024
942 _2udc
_cANA